Les 15 meilleurs joueurs de foot des années 1950's - Statistiques

Statistiques générales
  • Ce quiz a été pris 37 fois
    31 depuis la dernière actualisation
  • Le résultat moyen est 5 sur 15
Statistiques - réponses
classement joueur poste nationalité % Correct
1 Di Stefano A argentin/espagnol
100%
2 Puskas A hongrois
100%
5 Kopa A français
96%
11 Fontaine A français
82%
3 Matthews A anglais
46%
6 Didi M brésilien
25%
12 Gento A espagnol
21%
7 Kocsis A hongrois
14%
4 Schiaffino M uruguayen
14%
10 Kubala A hongrois
11%
9 Santos D brésilien
11%
8 Walter M allemand
7%
13 Wright D anglais
7%
15 Edwards A anglais
4%
14 Nordahl A suédois
4%
Aucun quiz correspondant
Distribution des résultats
% des personnes avec chaque résultat
Percentile par nombre de réponses
Votre historique - résultats
Vous n’avez pas pris ce quiz depuis la dernière actualisation